01078nam a2200229 a 450000100100000000500170001000800410002702000180006804000250008610000350011124501420014626000460028830000270033450000660036170000290042770000300045604900090048695201200049595201050061595201110072099900170083100002537220200930023736.0110215s2007 dr a 000 0 spa d a9789993456094 aDO-SdBNPbspacBNPHU1 aCollins de Colado, Mary95194710aGuay, ay ay ay :bLa vez que las mariposas se convirtieron en rosa /cMary Collins de Colado ; ilustración Ramiro Manzano, Nidia Serra. aSanto Domingo :bEditorial Búho,c2007. a51 p. :bil. ;c19 cm. aIncluye datos biográficos de la autora en la contracubierta1 aSerra, Nidiaeil.9291161 aManzano, Ramiroeil.9768 aBNPD 001054708DSaGRbGRcCTd2011-11-04iLF1l0o p25372-30r2020-06-25te. 3w2020-06-25yLFDSZPréstamo en sala 0010718PDaPDbPDcCTd2011-02-15iLF1l0o p25372-10r2020-06-25w2020-06-25yLFPDZNo se presta 0010718PDaPDbPDcCTd2011-11-04iLF1l0o p25372-20r2020-06-25te. 2w2020-06-25yLFPDZNo se presta c24864d24864